| 000 | 00935nam a2200229 a 4500 | ||
|---|---|---|---|
| 005 | 20260322212018.0 | ||
| 008 | data | ||
| 010 | _a65-29190 | ||
| 096 | _aWM 11.5 Esq68m 1965 | ||
| 100 | 1 |
_aEsquiol, Jean Etienne Dominique, _d1772-1840 |
|
| 245 | 1 | 0 |
_aMental maladies : _ba treatise on insanity _cJean Etienne Dominique Esquiol ... [et al.]. |
| 250 | _a"Facsimile of the English edition of 1845" | ||
| 260 |
_aNew York _bHafner Pub. Co. _cc1965 |
||
| 300 |
_afacsim.: _b 496 p. |
||
| 500 | _aTranslation of Des maladies mentales, considřěs sous les rapports mďical, hygiňique et mďico-lǧal. | ||
| 650 | 0 | 2 |
_aPsychiatry _xhistory |
| 700 | 1 | _aHunt, Ebenezer Kingsbury. | |
| 700 | 1 | _aSaussure, Raymond de, | |
| 710 | 2 | _aNew York Academy of Medicine. | |
| 856 | 4 | 0 |
_uhttps://openlibrary.org/works/OL10715235W/Mental_maladies?edition=mentalmaladiestr00esquuoft _yOnline access from the Open Library. _zRequires free sign up. |
| 001 | data | ||
| 999 |
_c398 _d398 |
||